[Event "Colmenarejo Autumn op"]
[Site "Colmenarejo"]
[Date "2015.10.25"]
[Round "6"]
[White "Rodriguez Gomez, Jose Antonio"]
[Black "Garcia Diaz, Alejandro"]
[Result "1/2-1/2"]
[WhiteElo "1650"]
[BlackElo "1770"]
[PlyCount "82"]
[EventDate "2015.09.20"]
[EventType "swiss"]
[EventRounds "7"]
[EventCountry "ESP"]
[SourceTitle "EXT 2019"]
[Source "ChessBase"]
[SourceDate "2018.10.10"]
[SourceVersion "1"]
[SourceVersionDate "2018.10.10"]
[SourceQuality "1"]

1. e4 c5 2. Nf3 d6 3. c3 Nf6 4. d3 Nc6 5. Be2 g6 6. Bg5 Bg7 7. Nbd2 h6 8. Be3 Ng4 9. Bf4 g5 10. Bg3 Nge5 11. Nxe5 Nxe5 12. Nf3 Nxf3+ 13. Bxf3 Qb6 14. Rb1 0-0 15. 0-0 f5 16. exf5 Bxf5 17. Re1 Bf6 18. Bd5+ Kg7 19. Be4 Bxe4 20. dxe4 e5 21. Qd5 h5 22. f3 Qc6 23. Red1 Qxd5 24. Rxd5 Be7 25. c4 Rf6 26. h3 h4 27. Bf2 Raf8 28. Rd3 a6 29. b4 cxb4 30. Rxb4 Rb8 31. Rbb3 Rf7 32. Bb6 Rc8 33. Rdc3 Bd8 34. a4 Bxb6+ 35. Rxb6 Rd7 36. Rbb3 Rc5 37. Rc2 Rdc7 38. Rbc3 b5 39. axb5 axb5 40. Rd2 Rxc4 41. Rxc4 bxc4 1/2-1/2